00570nam a2200169Ia 4500008004100000020001500041041001200056082001600068100002200084245005200106260002500158300000800183650001600191942000700207999001500214952017100229221030s9999 xx 000 0 und d a8120316703 aEnglish a105.23bHaw aI. Hawryszkiewyez 0aSystems Analysis & Designcby I. Hawryszkiewyez bPHIaNew Delhic2000 a484 aBE Computer cBK c1176d1176 pBE 3718g195.00l0o105.23 Hawr2022-10-30 00:00:00w2022-10-30yBK003Print4070aMIETLIBbMIETLIBcBL-Academic Block C, FL-2, CUP-85, SH-4, R-4d2001-04-2010HBE